[Event "Bruges Masters op"]
[Site "Bruges"]
[Date "2018.08.16"]
[Round "9"]
[White "Boffa, Mauro"]
[Black "Geirnaert, Steven"]
[Result "0-1"]
[WhiteElo "2216"]
[BlackElo "2427"]
[PlyCount "68"]
[EventDate "2018.08.12"]
[EventType "swiss"]
[EventRounds "9"]
[EventCountry "BEL"]
[SourceTitle "CBM 186 Extra"]
[Source "ChessBase"]
[SourceDate "2018.08.24"]
[SourceVersion "1"]
[SourceVersionDate "2018.08.24"]
[SourceQuality "1"]

1. d4 Nf6 2. c4 e6 3. Nc3 Bb4 4. e3 0-0 5. Nge2 c6 6. a3 Ba5 7. Ng3 d5 8. cxd5 exd5 9. Bd3 Re8 10. b4 Bc7 11. f3 Bf4 12. Kf2 Bd6 13. Bd2 b6 14. Rb1 Nbd7 15. Nf5 Bf8 16. Rf1 g6 17. Ng3 h5 18. Kg1 h4 19. Nge2 Nh5 20. Qc2 Bg7 21. b5 c5 22. Nxd5 Bb7 23. Ndc3 cxd4 24. exd4 Nf8 25. d5 Rc8 26. Qa2 Rxe2 27. Nxe2 Bxd5 28. Rb3 Ne6 29. Bb4 Nd4 30. Nc1 Nxb3 31. Nxb3 Bxb3 32. Qxb3 Bd4+ 33. Rf2 Rc1+ 34. Bf1 Ng3 0-1

[Event "Otranto op 1st"]
[Site "Otranto"]
[Date "2011.05.27"]
[Round "8"]
[White "Zielinski, Werner"]
[Black "Boffa, Mauro"]
[Result "0-1"]
[WhiteElo "2137"]
[BlackElo "2126"]
[PlyCount "56"]
[EventDate "2011.05.21"]
[EventType "swiss"]
[EventRounds "9"]
[EventCountry "ITA"]
[SourceTitle "CBM 142 Extra"]
[Source "ChessBase"]
[SourceDate "2011.06.27"]
[SourceVersion "1"]
[SourceVersionDate "2011.06.27"]
[SourceQuality "1"]

1. d4 g6 2. Nf3 Bg7 3. g3 f5 4. Bg2 Nf6 5. 0-0 d6 6. b4 Ne4 7. Bb2 c5 8. Nfd2 Nc6 9. Nxe4 fxe4 10. c3 Qb6 11. dxc5 dxc5 12. Qb3 cxb4 13. Bxe4 Na5 14. Qc2 Nc4 15. Bd3 Nxb2 16. Qxb2 0-0 17. a4 Bh3 18. a5 Qc6 19. e4 Bxf1 20. Bxf1 bxc3 21. Qc2 Bd4 22. Ra4 Qf6 23. Kh1 Qxf2 24. Qxf2 Rxf2 25. Bc4+ Kg7 26. Na3 c2 27. Nxc2 Rxc2 28. Bd5 Rf8 0-1

[Event "Otranto op 1st"]
[Site "Otranto"]
[Date "2011.05.22"]
[Round "2"]
[White "Boffa, Mauro"]
[Black "Shytaj, Luca"]
[Result "0-1"]
[WhiteElo "2126"]
[BlackElo "2494"]
[PlyCount "92"]
[EventDate "2011.05.21"]
[EventType "swiss"]
[EventRounds "9"]
[EventCountry "ITA"]
[SourceTitle "CBM 142 Extra"]
[Source "ChessBase"]
[SourceDate "2011.06.27"]
[SourceVersion "1"]
[SourceVersionDate "2011.06.27"]
[SourceQuality "1"]

1. d4 Nf6 2. c4 e6 3. Nc3 d5 4. cxd5 exd5 5. Bg5 Be7 6. e3 Nbd7 7. Bd3 h6 8. Bh4 0-0 9. Nge2 Re8 10. 0-0 Nf8 11. Qc2 c6 12. Rad1 Ng4 13. Bxe7 Qxe7 14. h3 Nf6 15. Ng3 Ne6 16. Nf5 Qd8 17. b4 Ng5 18. Ng3 Qe7 19. b5 Bd7 20. bxc6 Bxc6 21. Qb3 Rad8 22. Rc1 Nge4 23. Ngxe4 dxe4 24. Bb5 Rd6 25. Na4 Bd5 26. Bc4 Red8 27. Rc2 h5 28. Rfc1 h4 29. Bxd5 Nxd5 30. Rc8 Rxc8 31. Rxc8+ Kh7 32. Nc3 Nxc3 33. Rxc3 b6 34. Qc2 Rg6 35. Rc6 Rg5 36. f4 Rg3 37. Qe2 g6 38. Rc1 Qd7 39. Kh1 Qd5 40. Qd2 Kg7 41. Kg1 g5 42. Qf2 Qf5 43. fxg5 Qxg5 44. Qf4 Rxg2+ 45. Kh1 Qxf4 46. exf4 Rxa2 0-1

[Event "Ceriano Laghetto op-A 18th"]
[Site "Ceriano Laghetto"]
[Date "2009.03.29"]
[Round "4"]
[White "Boffa, Mauro"]
[Black "Cazzaniga, Walter"]
[Result "1-0"]
[WhiteElo "2059"]
[BlackElo "2192"]
[PlyCount "108"]
[EventDate "2009.03.27"]
[EventType "swiss"]
[EventRounds "5"]
[EventCountry "ITA"]
[SourceTitle "EXT 2011"]
[Source "ChessBase"]
[SourceDate "2010.11.26"]
[SourceVersion "1"]
[SourceVersionDate "2010.11.26"]
[SourceQuality "1"]

1. d4 Nf6 2. c4 g6 3. Nc3 Bg7 4. e4 d6 5. f3 0-0 6. Nge2 Nc6 7. Be3 a6 8. Qd2 Rb8 9. Nc1 e5 10. d5 Nd4 11. N1e2 c5 12. dxc6 bxc6 13. Nxd4 exd4 14. Bxd4 Re8 15. Be2 d5 16. cxd5 Rb4 17. Bc5 Nxe4 18. fxe4 Bxc3 19. Qxc3 Rbxe4 20. 0-0 Rxe2 21. dxc6 Qg5 22. Rf2 Bh3 23. Bf8 Qe5 24. Qxe5 R2xe5 25. Bd6 Rd5 26. Bg3 Bc8 27. Rc1 f5 28. Rfc2 g5 29. Re1 Rxe1+ 30. Bxe1 Kf7 31. Bb4 a5 32. Ba3 f4 33. Kf2 h5 34. g3 fxg3+ 35. Kxg3 Rd3+ 36. Kg2 Ke6 37. Rc5 Rd5 38. Rc2 Rd3 39. Kf2 g4 40. Re2+ Kf5 41. Re8 Be6 42. Ke1 Rd4 43. b3 Rd3 44. Bb2 Rd6 45. c7 Rc6 46. Rb8 Rxc7 47. Rb5+ Kg6 48. Rxa5 Rc2 49. Be5 Rg2 50. Bg3 Kf6 51. Kf1 Rc2 52. Bf2 Kf7 53. Kg2 Re2 54. Kg3 Kg7 1-0

[Event "Bratto Gorgonzola op-B"]
[Site "Bratto"]
[Date "2006.08.25"]
[Round "6"]
[White "Panigoni, Giuseppe"]
[Black "Boffa, Mauro"]
[Result "0-1"]
[WhiteElo "1892"]
[BlackElo "1900"]
[PlyCount "62"]
[EventDate "2006.08.20"]
[EventType "swiss"]
[EventRounds "8"]
[EventCountry "ITA"]
[SourceTitle "EXT 2008"]
[Source "ChessBase"]
[SourceDate "2007.11.25"]
[SourceVersion "1"]
[SourceVersionDate "2007.11.25"]
[SourceQuality "1"]

1. d4 f5 2. g3 Nf6 3. Bg2 g6 4. Nf3 Bg7 5. c4 0-0 6. Nc3 d6 7. 0-0 Qe8 8. Re1 Qf7 9. Qb3 Ne4 10. e3 Nd7 11. Nd2 Nxc3 12. bxc3 c6 13. Ba3 Kh8 14. Nf3 h6 15. Rad1 Nf6 16. Bb2 g5 17. d5 c5 18. Qc2 Qh5 19. Qe2 Qg6 20. Nd2 Ng4 21. f4 Bd7 22. Bf3 gxf4 23. exf4 Rae8 24. h3 Nf6 25. Kg2 Rg8 26. Nf1 h5 27. Nh2 Bh6 28. Kh1 Qxg3 29. Rg1 Qxh3 30. Bc1 Ne4 31. Bxh5 Qxh5 0-1

[Event "Bratto Gorgonzola op-B"]
[Site "Bratto"]
[Date "2006.08.23"]
[Round "4"]
[White "Marguerettaz, Davy"]
[Black "Boffa, Mauro"]
[Result "0-1"]
[WhiteElo "1700"]
[BlackElo "1900"]
[PlyCount "65"]
[EventDate "2006.08.20"]
[EventType "swiss"]
[EventRounds "8"]
[EventCountry "ITA"]
[SourceTitle "EXT 2008"]
[Source "ChessBase"]
[SourceDate "2007.11.25"]
[SourceVersion "1"]
[SourceVersionDate "2007.11.25"]
[SourceQuality "1"]

1. e4 c5 2. Nc3 Nc6 3. g3 g6 4. Bg2 Bg7 5. Nge2 d6 6. d3 Rb8 7. 0-0 e6 8. f4 Nge7 9. h3 0-0 10. g4 f5 11. Ng3 Nd4 12. Nce2 b5 13. c3 Nxe2+ 14. Qxe2 b4 15. Bd2 Bd7 16. Rae1 Re8 17. cxb4 Bxb2 18. bxc5 Bd4+ 19. Be3 Rb2 20. Qf3 dxc5 21. Bxd4 cxd4 22. Re2 Qb6 23. Qf2 Rb8 24. Rc1 fxe4 25. Nxe4 Rxe2 26. Qxe2 Nd5 27. Qd2 Rf8 28. Nc5 Qd6 29. Nxd7 Qxd7 30. Bxd5 Qxd5 31. Re1 Qf3 32. Qe2 Qg3+ 33. Kf1 0-1